Migration and remittances in Moldova

Salvato in:
Dettagli Bibliografici
Autore principale: Cuc, Milan
Altri autori: Lundback, Erik, Ruggiero, Edgardo
Natura: Libro
Lingua:inglese
Pubblicazione: Washington, D.C. International Monetary Fund 2005
Soggetti:
Tags: Aggiungi Tag
Nessun Tag, puoi essere il primo ad aggiungerne!!

MARC

LEADER 00000nam$a2200000$$$4500
001 0041925
005 20221129082811.2
020 |a 1-58906-490-9 
041 0 |a eng 
044 |a US 
245 1 0 |a Migration and remittances in Moldova  |c Milan Cuc, Erik Lundbäck, and Edgardo Ruggiero 
264 1 |a Washington, D.C.  |b International Monetary Fund  |c 2005 
300 |a vii, 71 s. 
610 2 0 |a Moldavsko 
610 2 0 |a migrácia 
610 2 0 |a politika hospodárska 
610 2 0 |a situácia hospodárska 
610 2 0 |a trh práce 
610 2 0 |a politika štruktúrna 
610 2 0 |a politika menová 
610 2 0 |a politika fiškálna 
100 1 |a Cuc, Milan 
700 1 |a Lundback, Erik 
700 1 |a Ruggiero, Edgardo